Čína sa angažuje aj na Blízkom východe
Súbežná návšteva predstaviteľov Izraela a Palestíny v Číne. Hodnota obchodnej výmeny medzi Čínou a Izraelom. Spolupráca v zbrojárskom priemysle. Rokovania s Palestínou najmä o vojenskopolitických a štátoprávnych otázkach. Návrhy na riešenie izraelsko-palestínskeho konfliktu. Hospodárska spolupráca Č...
Salvato in:
| Autore principale: | |
|---|---|
| Natura: | Capitolo di libro |
| Lingua: | slovacco |
| Soggetti: | |
| Tags: |
Nessun Tag, puoi essere il primo ad aggiungerne!!
|
MARC
| LEADER | 00000naa a2200000 4500 | ||
|---|---|---|---|
| 001 | 0169735 | ||
| 005 | 20231113081609.6 | ||
| 041 | 0 | |a slo | |
| 044 | |a SK | ||
| 245 | 1 | 0 | |a Čína sa angažuje aj na Blízkom východe |c Adrian Peter Pressburg |
| 520 | |a Súbežná návšteva predstaviteľov Izraela a Palestíny v Číne. Hodnota obchodnej výmeny medzi Čínou a Izraelom. Spolupráca v zbrojárskom priemysle. Rokovania s Palestínou najmä o vojenskopolitických a štátoprávnych otázkach. Návrhy na riešenie izraelsko-palestínskeho konfliktu. Hospodárska spolupráca Číny s Izraelom. | ||
| 610 | 2 | 0 | |a politika zahraničná |
| 610 | 2 | 0 | |a spolupráca hospodárska medzinárodná |
| 610 | 2 | 0 | |a obchod zahraničný |
| 610 | 2 | 0 | |a Blízky východ |
| 610 | 2 | 0 | |a Palestína |
| 610 | 2 | 0 | |a Izrael |
| 610 | 2 | 0 | |a Čína |
| 100 | 1 | |a Pressburg, Adrian Peter | |